<?xml version='1.0' encoding='UTF-8'?>
  <record xmlns="http://www.loc.gov/MARC21/slim">
    <leader>00000cem a2200000 i 4500</leader>
    <controlfield tag="001">ocn902705203</controlfield>
    <controlfield tag="003">OCoLC</controlfield>
    <controlfield tag="005">20260128195710.7</controlfield>
    <controlfield tag="007">cr c||||||||||</controlfield>
    <controlfield tag="008">150202s1661    ne        u   o 0   und d</controlfield>
    <datafield tag="040" ind1=" " ind2=" ">
      <subfield code="a">NLGGC</subfield>
      <subfield code="b">dut</subfield>
      <subfield code="e">fobidrtb</subfield>
      <subfield code="c">NLGGC</subfield>
      <subfield code="d">QGJ</subfield>
      <subfield code="d">OCLCL</subfield>
      <subfield code="d">OCLCQ</subfield>
    </datafield>
    <datafield tag="035" ind1=" " ind2=" ">
      <subfield code="a">(OCoLC)902705203</subfield>
    </datafield>
    <datafield tag="084" ind1=" " ind2=" ">
      <subfield code="a">74.13</subfield>
      <subfield code="2">bcl</subfield>
    </datafield>
    <datafield tag="100" ind1="1" ind2=" ">
      <subfield code="a">Cellarius, Andreas.</subfield>
    </datafield>
    <datafield tag="245" ind1="1" ind2="0">
      <subfield code="a">Haemisphaerium scenographicum australe coeli stellati et terrae /</subfield>
      <subfield code="c">[Andreas Cellarius].</subfield>
    </datafield>
    <datafield tag="260" ind1=" " ind2=" ">
      <subfield code="a">[Amsterdam] :</subfield>
      <subfield code="b">[Johannes Janssonius],</subfield>
      <subfield code="c">[1661]</subfield>
    </datafield>
    <datafield tag="300" ind1=" " ind2=" ">
      <subfield code="a">1 online resource (1 krt.) :</subfield>
      <subfield code="b">kopergr. in kleur ;</subfield>
      <subfield code="c">43 x 50 cm.</subfield>
    </datafield>
    <datafield tag="336" ind1=" " ind2=" ">
      <subfield code="a">cartografische afbeelding</subfield>
      <subfield code="b">cri</subfield>
      <subfield code="2">rdacontent/dut</subfield>
    </datafield>
    <datafield tag="337" ind1=" " ind2=" ">
      <subfield code="a">computer</subfield>
      <subfield code="b">c</subfield>
      <subfield code="2">rdamedia/dut</subfield>
    </datafield>
    <datafield tag="338" ind1=" " ind2=" ">
      <subfield code="a">online bron</subfield>
      <subfield code="b">cr</subfield>
      <subfield code="2">rdacarrier/dut</subfield>
    </datafield>
    <datafield tag="500" ind1=" " ind2=" ">
      <subfield code="a">Gedigitaliseerde versie: Universiteitsbibliotheek Amsterdam (V-8-X-11 (28).</subfield>
    </datafield>
    <datafield tag="500" ind1=" " ind2=" ">
      <subfield code="a">Plaat 28 in de atlas 'Harmonia macrocosmica seu atlas universalis et novus, totius universi creati cosmographiam generalem, et novam exhibens / studio et labore Andreae Cellarii. - Amstelodami : apud Joannem Janssonium, 1661'</subfield>
    </datafield>
    <datafield tag="500" ind1=" " ind2=" ">
      <subfield code="a">Zie: Gent, Rob H. van, 'Andreas Cellarius : Harmonia Macrocosmica of 1660 : the finest atlas of the heavens', 2006; Gent, Rob H. van, 'De hemelatlas van Andreas Cellarius: het meesterwerk van een vergeten Hollandse kosmograaf', in: 'Caert-Thresoor' 19 (2000) 1, p. 9-25.</subfield>
    </datafield>
    <datafield tag="510" ind1="4" ind2=" ">
      <subfield code="a">Krogt, P. van der, KAN 1,</subfield>
      <subfield code="c">p. 513-518</subfield>
    </datafield>
    <datafield tag="533" ind1=" " ind2=" ">
      <subfield code="a">Electronic reproduction.</subfield>
      <subfield code="b">Utrecht:</subfield>
      <subfield code="c">Universiteitsbibliotheek Utrecht,</subfield>
      <subfield code="d">2011</subfield>
    </datafield>
    <datafield tag="535" ind1="1" ind2=" ">
      <subfield code="3">Print copy</subfield>
      <subfield code="a">Universiteitsbibliotheek Amsterdam, Amsterdam;</subfield>
      <subfield code="c">Netherlands;</subfield>
      <subfield code="g">ne</subfield>
    </datafield>
    <datafield tag="650" ind1=" " ind2="7">
      <subfield code="a">Hemelkaarten.</subfield>
      <subfield code="0">(NL-LeOCL)078532388.</subfield>
      <subfield code="2">gtt</subfield>
    </datafield>
    <datafield tag="856" ind1="4" ind2="0">
      <subfield code="u">http://objects.library.uu.nl/reader/resolver.php?obj=002335952&amp;type=2</subfield>
      <subfield code="x">Online</subfield>
      <subfield code="z">Map</subfield>
    </datafield>
    <datafield tag="936" ind1=" " ind2=" ">
      <subfield code="a">BATCHLOAD</subfield>
    </datafield>
  </record>